Động đất

Sách giới thiệu cho độc giả một số khái niệm về động đất, đánh giá độ nguy hiểm củ động đất, độ rủi ro động đất và dự báo động đất...

Zapisane w:
Opis bibliograficzny
1. autor: Cao, Đình Triều
Format: Książka
Język:Undetermined
Wydane: Hà Nội Khoa học và Kỹ thuật 2000
Hasła przedmiotowe:
Etykiety: Dodaj etykietę
Nie ma etykietki, Dołącz pierwszą etykiete!
Thư viện lưu trữ: Trung tâm Học liệu Trường Đại học Cần Thơ
LEADER 00744nam a2200193Ia 4500
001 CTU_148863
008 210402s9999 xx 000 0 und d
082 |a 551.2 
082 |b Tr309 
100 |a Cao, Đình Triều 
245 0 |a Động đất 
245 0 |c Cao Đình Triều 
260 |a Hà Nội 
260 |b Khoa học và Kỹ thuật 
260 |c 2000 
520 |a Sách giới thiệu cho độc giả một số khái niệm về động đất, đánh giá độ nguy hiểm củ động đất, độ rủi ro động đất và dự báo động đất... 
650 |a Earthquakes 
904 |i Giang 
980 |a Trung tâm Học liệu Trường Đại học Cần Thơ